UNESCO World Heritage Sites in China by Picture - Statistics

General Stats
  • This quiz has been taken 85 times
  • The average score is 15 of 60
Answer Stats
Picture Hint Answer % Correct
Northern China, 1987 Great Wall
98%
Beijing / Liaoning, 1987 Imperial Palaces
94%
Shaanxi, 1987 Qin Mausoleum
85%
Sichuan, 2006 Giant Panda Sanctuaries
62%
Tibet, 1994 Potala Palace
59%
Beijing, 1998 Temple of Heaven
53%
Beijing, 1998 Summer Palace
47%
Xinjiang, 2013 Tianshan Mountains
45%
Macau, 2005 Historic Centre of Macau
41%
Shandong, 1987 Mount Taishan
41%
Southwest China, 2007 South China Karst
38%
Anhui, 1990 Mount Huangshan
35%
Sichuan, 1996 Mount Emei
32%
Shandong, 1994 Temple of Confucius
32%
Henan, 2000 Longmen Grottoes
30%
Jiangxi, 1996 Mount Lushan
30%
Hunan, 1992 Wulingyuan
30%
Northwest China, 2014 Silk Road
29%
Zhejiang, 2011 West Lake
29%
Jiangsu, 1997 Suzhou Classical Gardens
27%
Henan, 2010 Dengfeng
24%
Yunnan, 1997 Old Town of Lijiang
24%
Shanxi, 1997 Pingyao Ancient City
24%
Fujian, 2008 Tulou
24%
Beijing, 1987 Zhoukoudian Site
24%
Sichuan, 1992 Jiuzhaigou Valley
23%
Gansu, 1987 Mogao Caves
23%
Eastern China, 2014 Grand Canal
21%
Henan, 2006 Yinxu
21%
Inner Mongolia, 2012 Site of Xanadu
20%
Chongqing, 1999 Dazu Rock Carvings
17%
Shanxi, 2001 Yungang Grottoes
17%
Sichuan, 1992 Huanglong
15%
Guangdong, 2007 Kaiping Diaolou
15%
Sichuan, 1999 Mount Qingcheng
15%
Jilin, 2004 Sites of Koguryo Kingdom
15%
Yunnan, 2003 Three Parallel Rivers
15%
Hubei, 1994 Wudang Mountains
15%
Fujian, 1999 Wuyi Mountains
15%
Hebei, 1994 Chengde Mountain Resort
14%
Southern China, 2010 China Danxia
14%
Guizhou, 2018 Fanjingshan
14%
Qinghai, 2017 Hoh Xil
14%
Yunnan, 2013 Honghe Hani Rice Terraces
14%
Eastern China, 2000 Imperial Tombs
14%
Fujian, 2017 Kulangsu
14%
Fujian, 2021 Quanzhou
14%
Anhui, 2000 Xidi / Hongcun
14%
Ningxia, 2025 Xixia Imperial Tombs
14%
Beijing, 2024 Beijing Central Axis
12%
Yunnan, 2023 Jingmai Mountain
12%
Jiangxi, 2008 Mount Sanqingshan
12%
Eastern China, 2019 Migratory Bird Sanctuaries
11%
Hubei, 2016 Shennongjia
11%
Zhejiang, 2019 Liangzhu Site
9%
Shanxi, 2009 Mount Wutai
9%
Southwest China, 2015 Tusi Sites
9%
Yunnan, 2012 Chengjiang Fossil Site
8%
Inner Mongolia, 2024 Badain Jaran Desert
6%
Guangxi, 2016 Huashan Rock Art
3%
No matching quizzes found
Score Distribution
Percent of People with Each Score
Percentile by Number Answered
Your Score History
You have not taken this quiz